|
|
|
|
| LEADER |
01377nam a2200385Ia 4500 |
| 001 |
EBC1274349 |
| 003 |
MiAaPQ |
| 005 |
20200520144314.0 |
| 006 |
m o d | |
| 007 |
cr cn||||||||| |
| 008 |
130315s2013 enk sb 001 0 eng d |
| 010 |
|
|
|z 2013007760
|
| 020 |
|
|
|z 9781441127181 (hardcover)
|
| 020 |
|
|
|z 9781441177537 (pdf)
|
| 020 |
|
|
|z 9781441142672 (epub)
|
| 035 |
|
|
|a (MiAaPQ)EBC1274349
|
| 035 |
|
|
|a (Au-PeEL)EBL1274349
|
| 035 |
|
|
|a (CaPaEBR)ebr10729344
|
| 035 |
|
|
|a (CaONFJC)MIL615782
|
| 035 |
|
|
|a (OCoLC)852898361
|
| 040 |
|
|
|a MiAaPQ
|c MiAaPQ
|d MiAaPQ
|
| 050 |
|
4 |
|a HD30.3
|b .B74 2013
|
| 082 |
0 |
4 |
|a 659.2/85
|2 23
|
| 100 |
1 |
|
|a Breeze, Ruth.
|
| 245 |
1 |
0 |
|a Corporate discourse
|h [electronic resource] /
|c Ruth Breeze.
|
| 260 |
|
|
|a London :
|b Bloomsbury Academic, An imprint of Bloomsbury Publishing Plc,
|c 2013.
|
| 300 |
|
|
|a vi, 209 p.
|
| 490 |
0 |
|
|a Bloomsbury Discourse
|
| 504 |
|
|
|a Includes bibliographical references and index.
|
| 533 |
|
|
|a Electronic reproduction. Ann Arbor, MI : ProQuest, 2015. Available via World Wide Web. Access may be limited to ProQuest affiliated libraries.
|
| 650 |
|
0 |
|a Business communication.
|
| 650 |
|
0 |
|a Communication in organizations.
|
| 655 |
|
4 |
|a Electronic books.
|
| 710 |
2 |
|
|a ProQuest (Firm)
|
| 856 |
4 |
0 |
|u https://ebookcentral.proquest.com/lib/matrademy/detail.action?docID=1274349
|z Click to View
|